Board Games - Statistics

General Stats
  • This quiz has been taken 35 times
  • The average score is 5 of 10
Answer Stats
Hint Answer % Correct
How many points is a Z worth in Scrabble? 10
79%
Which strategy game, created in 1957, has the aim of world domination? Risk
72%
What colour represents entertainment in Trivial Pursuit? Pink
69%
Which character is represented by the colour purple in Cluedo? Professor Plum
69%
Which mode of transport is featured in Ticket to Ride? Train
62%
How many squares are in a Chess board? 64
59%
What is the most expensive property in Monopoly? Mayfair
34%
What is the highest possible score in one hand of Cribbage? 29
14%
What game features word play, sleuthing, acting, humming, sculpting and sketching? Cranium
10%
What is the other category in Articulate along with Object, Random, Person, Action and World? Nature
3%
No matching quizzes found
Score Distribution
Percent of People with Each Score
Percentile by Number Answered
Your Score History
You have not taken this quiz